PROJECT MANAGEMENT THE MANAGERIAL PROCESS 2/E (Record no. 31669)

000 -LEADER
fixed length control field 00291nam a22001217a 4500
020 ## - INTERNATIONAL STANDARD BOOK NUMBER
International Standard Book Number 0071195238
082 ## - DEWEY DECIMAL CLASSIFICATION NUMBER
Classification number 658.404
245 ## - TITLE STATEMENT
Title PROJECT MANAGEMENT THE MANAGERIAL PROCESS 2/E
260 ## - PUBLICATION, DISTRIBUTION, ETC.
Place of publication, distribution, etc. New York:
Name of publisher, distributor, etc. McGraw-Hill;
Date of publication, distribution, etc. 2003.
300 ## - PHYSICAL DESCRIPTION
Extent 572 p:,
Other physical details 26 cm.
500 ## - GENERAL NOTE
General note Hardcover.
942 ## - ADDED ENTRY ELEMENTS (KOHA)
Koha item type Book
Holdings
Withdrawn status Lost status Source of classification or shelving scheme Damaged status Not for loan Permanent Location Current Location Date acquired Total Checkouts Full call number Barcode Date last seen Price effective from Koha item type
          Central Library (CL) Central Library (CL) 06/29/2015   658.404 GRA SMME-194 03/20/2018 06/29/2015 Book
© 2023 Central Library, National University of Sciences and Technology. All Rights Reserved.